000 00787nam a22001817a 4500
999 _c62221
_d62221
005 20241216151629.0
008 240805s2024 ge ||||| |||| 00| 0 geo d
022 _a76181
041 _aeng
245 _aმოამბე :
_b 2024 /
_cმთავ. რედ. როინ მეტრეველი.
260 _aთბილისი :
_bსაქართველოს მეცნიერებათა ეროვნული აკადემია,
_c2024.
300 _aV.
546 _aინგლისურ და ქართულ ენაზე
653 _a მოამბე
653 _aპერიოდიკა
700 _aმეტრეველი, როინ
_eმთავარი რედაქტორი
_923066
942 _2udc
_cCR